<?xml version="1.0" encoding="UTF-8"?>
<record
    xmlns:xsi="http://www.w3.org/2001/XMLSchema-instance"
    xsi:schemaLocation="http://www.loc.gov/MARC21/slim http://www.loc.gov/standards/marcxml/schema/MARC21slim.xsd"
    xmlns="http://www.loc.gov/MARC21/slim">

  <leader>00600nam a22001337a 4500</leader>
  <datafield tag="040" ind1=" " ind2=" ">
    <subfield code="c">RUA</subfield>
  </datafield>
  <datafield tag="082" ind1=" " ind2=" ">
    <subfield code="a">AGR SEB 2021 B1-570 Or.</subfield>
  </datafield>
  <datafield tag="100" ind1=" " ind2=" ">
    <subfield code="a">SEB SOSAKARA &#x179F;&#x17CA;&#x17B9;&#x1794; &#x179F;&#x17BC;&#x179F;&#x17D0;&#x1780;&#x17D2;&#x1780;&#x179A;&#x17C9;&#x17B6;</subfield>
  </datafield>
  <datafield tag="245" ind1=" " ind2=" ">
    <subfield code="a">POSSIBILITY OF CULTIVATING BOENG TOMPUN WATER CONVOL VULUS ON THE MAINLAND  &#x179B;&#x1791;&#x17D2;&#x1792;&#x1797;&#x17B6;&#x1796;&#x178A;&#x17B6;&#x17C6;&#x178A;&#x17BB;&#x17C7;&#x1796;&#x17BC;&#x1787;&#x178F;&#x17D2;&#x179A;&#x1780;&#x17BD;&#x1793;&#x1794;&#x17B9;&#x1784;&#x1791;&#x17C6;&#x1796;&#x17BB;&#x1793;&#x1798;&#x1780;&#x178A;&#x17B6;&#x17C6;&#x179B;&#x17BE;&#x178A;&#x17B8;&#x1782;&#x17C4;&#x1780;</subfield>
  </datafield>
  <datafield tag="260" ind1=" " ind2=" ">
    <subfield code="a">PHNOM PENH</subfield>
    <subfield code="b">RUA</subfield>
    <subfield code="c">2021</subfield>
  </datafield>
  <datafield tag="300" ind1=" " ind2=" ">
    <subfield code="a">IX. 30P</subfield>
    <subfield code="b">VII.</subfield>
    <subfield code="c">29CM</subfield>
  </datafield>
  <datafield tag="856" ind1=" " ind2=" ">
    <subfield code="u">https://drive.google.com/file/d/1LZcBUIMiICSj5u2pnmjQyS2y5T5liEM9/view?usp=sharing</subfield>
  </datafield>
  <datafield tag="942" ind1=" " ind2=" ">
    <subfield code="c">AGR</subfield>
  </datafield>
  <datafield tag="999" ind1=" " ind2=" ">
    <subfield code="c">22763</subfield>
    <subfield code="d">22763</subfield>
  </datafield>
  <datafield tag="952" ind1=" " ind2=" ">
    <subfield code="0">0</subfield>
    <subfield code="1">0</subfield>
    <subfield code="2">ddc</subfield>
    <subfield code="4">0</subfield>
    <subfield code="6">AGR_SEB_2021_000000000000000_B1570_OR</subfield>
    <subfield code="7">0</subfield>
    <subfield code="9">97767</subfield>
    <subfield code="a">LBB</subfield>
    <subfield code="b">LBB</subfield>
    <subfield code="c">B1.570</subfield>
    <subfield code="d">2024-04-01</subfield>
    <subfield code="o">AGR SEB 2021 B1-570 Or.</subfield>
    <subfield code="p">a073757</subfield>
    <subfield code="r">2024-04-01</subfield>
    <subfield code="w">2024-04-01</subfield>
    <subfield code="y">AGR</subfield>
  </datafield>
  <datafield tag="952" ind1=" " ind2=" ">
    <subfield code="0">0</subfield>
    <subfield code="1">0</subfield>
    <subfield code="2">ddc</subfield>
    <subfield code="4">0</subfield>
    <subfield code="6">AGR_SEB_2021_000000000000000_B1570_OR</subfield>
    <subfield code="7">0</subfield>
    <subfield code="9">97768</subfield>
    <subfield code="a">LBB</subfield>
    <subfield code="b">LBB</subfield>
    <subfield code="c">B1.570</subfield>
    <subfield code="d">2024-04-01</subfield>
    <subfield code="o">AGR SEB 2021 B1-570 Or.</subfield>
    <subfield code="p">a073813</subfield>
    <subfield code="r">2024-04-01</subfield>
    <subfield code="w">2024-04-01</subfield>
    <subfield code="y">AGR</subfield>
  </datafield>
  <datafield tag="952" ind1=" " ind2=" ">
    <subfield code="0">0</subfield>
    <subfield code="1">0</subfield>
    <subfield code="2">ddc</subfield>
    <subfield code="4">0</subfield>
    <subfield code="6">AGR_SEB_2021_000000000000000_B1570_OR</subfield>
    <subfield code="7">0</subfield>
    <subfield code="9">97769</subfield>
    <subfield code="a">LBB</subfield>
    <subfield code="b">LBB</subfield>
    <subfield code="c">B1.570</subfield>
    <subfield code="d">2024-04-01</subfield>
    <subfield code="o">AGR SEB 2021 B1-570 Or.</subfield>
    <subfield code="p">a073733</subfield>
    <subfield code="r">2024-04-01</subfield>
    <subfield code="w">2024-04-01</subfield>
    <subfield code="y">AGR</subfield>
  </datafield>
  <datafield tag="952" ind1=" " ind2=" ">
    <subfield code="0">0</subfield>
    <subfield code="1">0</subfield>
    <subfield code="2">ddc</subfield>
    <subfield code="4">0</subfield>
    <subfield code="6">AGR_SEB_2021_000000000000000_B1570_OR</subfield>
    <subfield code="7">0</subfield>
    <subfield code="9">97770</subfield>
    <subfield code="a">LBB</subfield>
    <subfield code="b">LBB</subfield>
    <subfield code="c">B1.570</subfield>
    <subfield code="d">2024-04-01</subfield>
    <subfield code="o">AGR SEB 2021 B1-570 Or.</subfield>
    <subfield code="p">a073761</subfield>
    <subfield code="r">2024-04-01</subfield>
    <subfield code="w">2024-04-01</subfield>
    <subfield code="y">AGR</subfield>
  </datafield>
</record>
